Bienvenue à la Médiathèque de Saint-Andiol
banniere
Accueil Recherche avancée Mon compte
handi1 Rechercher dans le catalogue

Filtre   Mots-clés
  Recherche avancée
 
Lister les dernières nouveautés
 
Lister les livres GROS CARACTERES
 
Lister les périodiques (magazines)

handi1 Avec l'espoir pour horizon

Book Cover
Auteur principal : Anne-Marie Brear
Titre : Avec l'espoir pour horizon
Support : Livres à gros caractères
Langue : Francais
Publié : VDB La Roque-sur-Pernes
Genre : Roman
Sujets :
Étiquettes :
Pas de tags
LEADER 01464nam0a2200193 450
001 16868178
010 |a 978-2-36637-215-1  |b Br.  |d 22 € 
100 |a 20260403d2026 u u0frey01 ba 
101 1 |a fre  |c eng 
102 |a FR 
200 0 |a Avec l'espoir pour horizon  |f Anne-Marie Brear 
207 1 |a   
210 |a La Roque-sur-Pernes  |b 84  |c VDB 
215 |a 1 vol. (540 p.)  |c Couv ill  |d 22x15 cm 
330 |a Irlande, 1851. Depuis que la maladie de la pomme de terre a frappé le pays, les paysans crient famine. Comme nombre de métayers, Ellen Kittrick et son mari peinent à nourrir leurs enfants et craignent de perdre leur toit. Touchée par des drames successifs, la jeune femme se résout à l’exil. Grâce à Ralph Hamilton, un ami du propriétaire du manoir où elle est domestique, Ellen embarque avec ses enfants à bord d’un navire en partance pour l’Australie, pays de tous les espoirs. Sur place, l’associé de Ralph dans une affaire d’import-export la prend sous son aile. Sa nouvelle vie lui apportera-t-elle la sécurité et le bonheur auxquels elle aspire ? Ellen pourra-t-elle s’épanouir en terre étrangère ou a-t-elle commis la plus grande erreur de sa vie ? 
700 0 |a Brear  |b Anne-Marie  |4 70 
900 |a Roman 
901 |a Adultes 
995 |a Médiathèque  |c Médiathèque  |f 089021823  |h 089021823  |k R BRE LV 1  |o p  |q a  |r ag  |u A prêter en 2 vol (Avec "le domaine de Berrima" vol 2)A rendre en 2 vol (Avec "le domaine de Berrima" vol 2)  |e MédiathèqueÂ